000 00647cam a22002173a 4500
001 42115
003 PGUSA
005 20140828083942.0
008 130217s2013||||xxu|||||s|||||000 | eng d
040 _aPGUSA
_beng
042 _adc
100 1 _aAimard, Gustave,
_d1818-1883
245 1 4 _aThe Trail-Hunter :
_bA Tale of the Far West
_h[electronic resource] /
_cGustave Aimard
260 _bProject Gutenberg,
_c2013
506 _aPublic domain in the USA.
516 _aElectronic text
700 1 _aWraxall, Lascelles,
_cSir,
_d1828-1865
830 0 _aProject Gutenberg
_v42115
856 4 0 _uhttp://www.gutenberg.org/ebooks/42115
942 _cEB
999 _c271367
_d271367